LEADER 01135nam a2200253 i 4500 001 000000172745 003 CaOOAMICUS 005 20081114000000.0 008 081114s1971 sp u000 u spa u 013 $a150188 040 $aSeMil$bita 100 1 $aZalba, Marcellino .$0(OLS)http://semarc/name/1521 240 04$aLas Conferencias Episcopales ante la humanae vitae.$0(OLS)http://semarc/title/247446 245 14$aLas Conferencias Episcopales ante la Humanae Vitae :$bpresentacion y comentario /$cMarcelino Zalba. 260 $aMadrid :$bEditorial CIO,$cimprim. 1971. 300 $a196 p. ;$c19 cm. 500 $aFondo card. Giovanni Colombo. 650 4$aPaolo VI - Encicliche . Humanae vitae.$0(OLS)http://semarc/subject/8415 850 $aSeMil 852 $aSeMil$W1$xVenegono$y1$m2E I 472$j123599$B123599$CSeMilBibl$Z2$F137304 $81 941 1 $a3 961 $aLascito: Colombo Card. Giovanni 996 $6245$aLas Conferencias Episcopales ante la Humanae Vitae :$bpresentacion y comentario$9(OLS)http://semarc/title/247447 996 $6260$aMadrid :$bEditorial CIO$9(OLS)http://semarc/publisher/41067 LEADER 01253nam a2200265 4500 001 000000334148 003 CaOOAMICUS 005 20190823151817.0 008 190618s1986 xxu 000 u eng r 020 $a978-0-913836-18-7 040 $aSeMil$bita 100 1 $aSchmemann, Alexander,$d<1921-1983>.$0(OLS)http://semarc/name/38334 245 10$aIntroduction to liturgical theology /$cAlexander Schmemann ; translated from the Russian by Ashleigh E. Moorehouse. 264 1$aCrestwood, New York :$bSt Vladimir's Seminary Press,$c1986. 300 $a220 p. ;$c22 cm 650 4$aLiturgia - Introduzioni.$0(OLS)http://semarc/subject/336 650 4$aLiturgia - Teologia.$0(OLS)http://semarc/subject/12266 700 1 $aMoorehouse, Ashleigh E.,$etraduttore.$0(OLS)http://semarc/name/109703 850 $aSeMil 852 $aSeMil$W1$xVenegono$y1$m3K II 556$j216462$B226360$CSeMilBibl$Z2$F226360 $81 961 $aCaspani don Pierpaolo - Omaggio 996 $6020$a978-0-913836-18-7$9(OLS)http://semarc/number/287616 996 $6245$aIntroduction to liturgical theology$9(OLS)http://semarc/title/423783 996 $6264$aCrestwood, New York :$bSt Vladimir's Seminary Press$9(OLS)http://semarc/publisher/39649